Foreign Affairs/
Gespeichert in:
| Körperschaft: | |
|---|---|
| Format: | Buch |
| Sprache: | English |
| Veröffentlicht: |
Nueva York:
Council on Relation Inc.,
|
| Schlagworte: | |
| Tags: |
Tag hinzufügen
Keine Tags, Fügen Sie den ersten Tag hinzu!
|
MARC
| LEADER | 00000nam a22000007a 4500 | ||
|---|---|---|---|
| 003 | cru CIDCACS/IIS | ||
| 005 | 20190221113717.0 | ||
| 007 | Ta | ||
| 008 | 190221n -us ||p|r||||||0| ||eng|| | ||
| 999 | |c 42186 |d 42186 | ||
| 022 | |a 00157120 | ||
| 040 | |c cru CIDCACS/IIS | ||
| 090 | |a REV0485 | ||
| 110 | 2 | |9 8334 |a Council on Relation Inc. | |
| 245 | 1 | |a Foreign Affairs/ |c Council on Relation Inc. | |
| 260 | |a Nueva York: |b Council on Relation Inc., | ||
| 270 | |a 58 east 68 th street New York NY 10021 | ||
| 500 | |a EXISTENCIAS: 1985 63 (5) 64 (1-2) 1986 64 (3-4) | ||
| 546 | |a También se publica en español | ||
| 650 | 0 | |9 83 |a DEMOCRACIA | |
| 650 | 4 | |9 2646 |a RELACIONES INTERNACIONALES | |
| 651 | 0 | |9 17 |a AMERICA LATINA | |
| 942 | |2 ddc |c PP | ||
